Risk-taking : (Record no. 458)

MARC details
000 -LEADER
fixed length control field 00855cam a2200277 a 4500
005 - DATE AND TIME OF LATEST TRANSACTION
control field 20260322212020.0
008 - FIXED-LENGTH DATA ELEMENTS--GENERAL INFORMATION
fixed length control field data
010 ## - LIBRARY OF CONGRESS CONTROL NUMBER
LC control number 94150928
020 ## - INTERNATIONAL STANDARD BOOK NUMBER
International Standard Book Number 187854232X
020 ## - INTERNATIONAL STANDARD BOOK NUMBER
International Standard Book Number 9781878542328
040 ## - CATALOGING SOURCE
Original cataloging agency DLC
Transcribing agency DLC
Modifying agency DLC
050 00 - LIBRARY OF CONGRESS CALL NUMBER
Classification number BF637.S8
Item number C375 1993
082 00 - DEWEY DECIMAL CLASSIFICATION NUMBER
Classification number 158/.1
Edition information 20
092 ## - LOCALLY ASSIGNED DEWEY CALL NUMBER (OCLC)
Classification number 158.1 C375 1993
001 - CONTROL NUMBER
control field data
100 1# - MAIN ENTRY--PERSONAL NAME
Personal name Caroselli, Marlene.
245 10 - TITLE STATEMENT
Title Risk-taking :
Remainder of title 50 ways to turn risks into rewards /
Statement of responsibility, etc. Marlene Caroselli.
260 ## - PUBLICATION, DISTRIBUTION, ETC.
Place of publication, distribution, etc. Mission, Kan. :
Name of publisher, distributor, etc. SkillPath Publications,
Date of publication, distribution, etc. c1993.
300 ## - PHYSICAL DESCRIPTION
Extent 147 p. ;
Dimensions 23 cm.
650 #0 - SUBJECT ADDED ENTRY--TOPICAL TERM
Topical term or geographic name entry element Success
General subdivision Psychological aspects.
650 #0 - SUBJECT ADDED ENTRY--TOPICAL TERM
Topical term or geographic name entry element Risk-taking (Psychology)
906 ## - LOCAL DATA ELEMENT F, LDF (RLIN)
a 7
b cbc
c orignew
d 3
e ncip
f 19
g y-gencatlg
922 ## -
-- co
991 ## -
-- c-GenColl
-- BF637.S8
-- C375 1993
-- 0001536368A
-- Copy 1
-- BOOKS
Holdings
Withdrawn status Lost status Damaged status Not for loan Home library Current library Shelving location Date acquired Total checkouts Full call number Barcode Date last seen Price effective from Koha item type
        Franklin Franklin General stacks 22/03/2026   158/.1 20 BC0010469 22/03/2026 22/03/2026 Books